Finanční analýza obchodních korporací

Salvato in:
Dettagli Bibliografici
Autore principale: Brabenec, Tomáš
Natura: Libro
Lingua:ceco
Pubblicazione: Osnice Ekopress 2022
Soggetti:
Tags: Aggiungi Tag
Nessun Tag, puoi essere il primo ad aggiungerne!!

MARC

LEADER 00000nam a2200000 4500
001 0298969
005 20240517093116.8
020 |a 978-80-87865-85-9 
041 0 |a cze 
044 |a CZ 
245 1 0 |a Finanční analýza obchodních korporací  |c Tomáš Brabenec 
264 1 |a Osnice  |b Ekopress  |c 2022 
300 |a 295 s. 
610 2 0 |a analýza finančná 
610 2 0 |a hospodárenie finančné 
610 2 0 |a výkazy finančné 
610 2 0 |a cash flow 
610 2 0 |a ukazovatele finančné 
610 2 0 |a ukazovateľ EVA 
100 1 |a Brabenec, Tomáš